Visualizzazione normale
Vista MARC
- Cananus, Joannes,
di Personal Name
Records bibliografici associati: 1
001 - CONTROL NUMBER
- control field: 43185
003 - CONTROL NUMBER IDENTIFIER
- control field: IT-RoINE
005 - DATE AND TIME OF LATEST TRANSACTION
- control field: 20180221094152.0
008 - FIXED-LENGTH DATA ELEMENTS
- fixed length control field: 171218|| aca||aabn | a|a d
040 ## - CATALOGING SOURCE
- Original cataloging agency: IT-RoINE
- Transcribing agency: IT-RoINE
100 1# - HEADING--PERSONAL NAME
- Personal name: Cananus, Joannes,
- Dates associated with a name: Siglo 15o.
400 1# - SEE FROM TRACING--PERSONAL NAME
- Personal name: Cananus, Ioannes,
- Dates associated with a name: Siglo 15o.
670 ## - SOURCE DATA FOUND
- Source citation: Work cat.: (IT-RoINE)0: Manuel II Paleólogo, Emperador de Oriente, 8303 1350-1425, Piissimi et sapientissimi imperatoris Manuelis Palaeologi opera omnia :, 1983.